| 000 | 01397cam a22003857a 4500 | ||
|---|---|---|---|
| 003 | CHAP | ||
| 005 | 20220329142422.0 | ||
| 008 | 010109d2000 mx r 00110 spa d | ||
| 010 | _a83170 | ||
| 011 | _a84142 | ||
| 035 | _a94661 | ||
| 040 | _cCHAP | ||
| 090 | _aTesis | ||
| 100 | 0 | 0 |
_aCoss Mendoza, Nubia. _928463 |
| 245 | 1 | 0 |
_aAnálisis de la balanza comercial de la manzana, en el contexto de un mercado abierto, 1990-1999 _c/por Nubia Coss Mendoza. |
| 260 |
_aChapingo, Méx. : _bEl autor, _c2000. |
||
| 300 |
_a101h. : _bgráfs. |
||
| 502 | _aTesis (Lic. en Economía Agrícola) -- UACH. División de Ciencias Económico Administrativas. | ||
| 590 |
_aALEPH _b10 _c20130110 _lUCH01 _h1440 |
||
| 590 |
_aBATCH-UPD _b10 _c20130110 _lUCH01 _h0338 |
||
| 590 |
_aBATCH-UPD _b10 _c20130110 _lUCH01 _h1717 |
||
| 590 |
_aBATCH-UPD _b10 _c20130410 _lUCH01 _h0011 |
||
| 590 |
_aBATCH-UPD _b10 _c20130410 _lUCH01 _h1506 |
||
| 590 |
_aBATCH-UPD _b10 _c20130914 _lUCH01 _h1014 |
||
| 590 |
_aCONVERSION _b10 _c20130109 _lUCH01 _h1346 |
||
| 650 | 1 | 4 |
_aComercio _zMéxico. _925624 |
| 650 | 1 | 4 |
_aManzana _xAspectos económicos. _970735 |
| 650 | 1 | 4 |
_aManzana _xMercadeo. _970786 |
| 650 | 1 | 4 |
_aProductos agrícolas _xMercadeo _zMéxico. _991999 |
| 901 | _aBK | ||
| 905 | _aEdna Luz | ||
| 942 | _cFOLL | ||
| 949 |
_bBC _cTES _d33724000808085 _eTS2 _fc.2 _h37696 _i94661 _sb |
||
| 949 |
_bBC _cTES _d94661 _eTS1 _h37695 _i94661 _sb |
||
| 999 |
_c83170 _d83170 |
||